| 000 | 00384 a2200133 4500 | ||
|---|---|---|---|
| 003 | Nust | ||
| 005 | 20170207170507.0 | ||
| 040 | _cNust | ||
| 082 | _a799 | ||
| 245 |
_aLec by DMO on Response under PAO Environment,Photographs-2015 _cMCS |
||
| 260 |
_aRawalpindi _bMCS _c2901-2015 |
||
| 650 | _aPictures of Lec by DMO on Response under PAO Environment,Photographs-2015 | ||
| 651 | _aSweet Memories-MCS | ||
| 942 | _cBK | ||
| 999 |
_c215153 _d215153 |
||